Cruzando Fronteras con Pistas - Estadísticas

Estadísticas generales
  • Esta prueba ha sido intentada 4.660 veces
  • La puntuación promedio es 11 de 22
Estadísticas de respuestas
Pista País % Correcto
Comienzo del Renacimiento Italia
95%
País más poblado del mundo, por ahora China
84%
Su nombre termina con "stan" Kazajistán
73%
Limita el mar de Bering Rusia
67%
Comienza y termina con la misma letra Austria
62%
Hogar de los magiares Hungría
60%
Comparte el río Rojo con el anterior Vietnam
53%
Limita el golfo Pérsico Irán
50%
Tiene la isla de Phuket Tailandia
50%
Sufrió una hambruna masiva en 1932-33 Ucrania
50%
Lucho en una guerra con el anterior en la decada de los 80 Irak
47%
Localización de la montaña K2 Pakistán
46%
Invadido por EE. UU. en el 1970 Camboya
45%
Su ex-capital era conocido como Rangún Myanmar
45%
Tamil es una lengua oficial India
44%
Población predecida a llegar a 137 millones en el 2050 Egipto
43%
Comparte el río Nilo con el anterior Sudán
39%
Su ciudad más grande fue bombardeada por Rusia en el 2016 Siria
37%
Se independizó en el 2011 Sudán del Sur
35%
Probablemente tiene armas nucleares Israel
34%
Tuvo un golpe de estado militar en el 2016 Turquía
32%
Toca el océano Atlántico R.D. Congo
19%
No se encontraron pruebas coincidentes
Distribución de puntuación
Porcentaje de gente con cada puntuación
Porcentaje por número respondido
Historial de tus puntuaciones
No has intentado esta prueba.